000
00409nam a2200133Ia 4500
008
100328s9999 xx 000 0 und d
082
_b
36377
100
_a
पाटेकर श्रीकांत
245
_a
आग के शोले
260
_b
डायमंड पॉकेट बुक्स
630
_a
आग के शोले
730
_a
आग के शोले
942
_c
BOOK
999
_c
526057
_d
526054